000 00601pab a2200157 454500
008 180718b2002 xxu||||| |||| 00| 0 eng d
100 _aJha, Dayanatha
245 _aRed-taping agricultural research
260 _c2002
300 _ap.4600.
362 _a16 Nov
520 _aThe committee constituted to review the Indian Council of Agricultural Research has a serious credibility problem. it is a committee of bureaucrats and management experts with just one agricultural scientist. - Reproduced.
650 _aAgricultural research
773 _aEconomic and Political Weekly
909 _a54515
999 _c54515
_d54515